Social network analysis (Record no. 289887)

MARC details
000 -LEADER
fixed length control field 00744nam a2200229Ia 4500
008 - FIXED-LENGTH DATA ELEMENTS--GENERAL INFORMATION
fixed length control field 191130s2008##################000#0#eng##
020 ## - INTERNATIONAL STANDARD BOOK NUMBER
ISBN 9781412927499
082 ## - DEWEY DECIMAL CLASSIFICATION NUMBER
Classification number 302.40723 KNO
100 ## - MAIN ENTRY--AUTHOR NAME
Personal name Yang, Song
245 ## - TITLE STATEMENT
Title Social network analysis
Statement of responsibility, etc David Knoke, Song Yang
250 ## - EDITION STATEMENT
Edition statement 2nd ed
260 ## - PUBLICATION, DISTRIBUTION, ETC. (IMPRINT)
Place of publication Thousand Oaks, CA
Name of publisher SAGE Publications
Year of publication c2008
300 ## - PHYSICAL DESCRIPTION
Number of Pages viii , 132 p. : ill. ; 22 cm
500 ## - GENERAL NOTE
General note Rev. ed. of: Network analysis / David Knoke, James H. Kuklinski. c1982. Includes bibliographical references (p. 118-126) and index
650 ## - SUBJECT ADDED ENTRY--TOPICAL TERM
Topical Term Social networks
700 ## - ADDED ENTRY--PERSONAL NAME
Personal name Knoke, David
991 ## -
-- 231949
Holdings
Withdrawn status Lost status Damaged status Not for loan Home library Current library Shelving location Date acquired Full call number Accession Number Price effective from Koha item type
        Anna Centenary Library Anna Centenary Library 3RD FLOOR, B WING 15.10.2020 302.40723 KNO 162415 15.10.2020 English Books

Find us on the map